[Event "S.T.Lee Cup"]
[Site "Beijing"]
[Date "1995.09.01"]
[Round "7"]
[White "Li Wenliang"]
[Black "Qi Jingxuan"]
[Result "1/2-1/2"]
[WhiteElo "2425"]
[BlackElo "2390"]

1. d4 Nf6 2. c4 c5 3. d5 g6 4. Nc3 Bg7 5. e4 d6 6. h3 O-O 7. Nf3 e6 8. Bd3
Na6 9. Bg5 h6 10. Be3 Nc7 11. Qd2 Kh7 12. dxe6 Nxe6 13. O-O Bd7 14. Bc2 Bc6
15. Rfd1 Qb6 16. Rab1 Qb4 17. Qd3 Rfd8 18. a3 Qa5 19. b4 Qc7 20. Nd5 Bxd5
21. exd5 Nf8 22. bxc5 dxc5 23. d6 Qc8 24. Ba4 b6 25. Ne5 Qe6 26. Nc6 Re8
27. Ne7 Red8 28. Bc6 Rab8 29. Bf3 N6d7 30. Bg4 Qf6 31. f4 Re8 32. Kh1 Rbd8
33. Nc6 Ra8 34. Bc1 Qh4 35. Bd2 f5 36. Bf3 Nf6 37. Bc3 Ne4 38. Bxe4 fxe4
39. Qe3 Nd7 40. Bxg7 Kxg7 41. Ne7 Nf6 42. d7 Rxe7 43. d8=Q Rxd8 44. Rxd8
Nh5 45. g4 Qg3 46. Qxg3 Nxg3+ 47. Kg2 Ne2 48. Rf1 g5 49. fxg5 hxg5 50. Kf2
Nd4 51. Ke3 Nc2+ 52. Ke2 Nd4+ 53. Ke3 Nc2+ 54. Kd2 Nd4 55. Rd5 e3+ 56. Kd3
Nf3 57. Ke2 Nd4+ 58. Kd3 Nf3 59. Ke2 Nd4+ 1/2-1/2

[Event "S.T.Lee Cup"]
[Site "Beijing"]
[Date "1995.09.01"]
[Round "7"]
[White "Li Zunian"]
[Black "Lin Weiguo"]
[Result "1-0"]
[WhiteElo "2400"]
[BlackElo "2460"]

1. d4 Nf6 2. c4 g6 3. g3 Bg7 4. Bg2 d5 5. cxd5 Nxd5 6. Nf3 O-O 7. O-O Nb6
8. Nc3 Nc6 9. d5 Na5 10. e4 c6 11. Bf4 cxd5 12. exd5 Bxc3 13. bxc3 Nxd5 14.
Bh6 Re8 15. Re1 Nc6 16. Ne5 e6 17. Nxc6 bxc6 18. Qd4 f6 19. c4 Nb6 20. Qxd8
Rxd8 21. Bxc6 Rb8 22. Rab1 Ba6 23. c5 Nc4 24. Rxb8 Rxb8 25. Bd7 Bc8 26.
Bxe6+ Bxe6 27. Rxe6 Kf7 28. Ra6 Rb7 29. c6 Rc7 30. Bf4 Ne5 31. Bxe5 fxe5
32. Kg2 Ke6 33. Kf3 Kd5 34. Ke3 Rxc6 35. Rxa7 Rc2 36. Rd7+ Ke6 37. Rd2 Rc3+
38. Ke4 Ra3 39. h3 h5 40. h4 Ra5 41. Kd3 Kf5 42. Kc3 Ra8 43. Re2 e4 44. Kb2
Rb8+ 45. Ka1 Ra8 46. Kb1 Rb8+ 47. Rb2 Ra8 48. Rb3 Kg4 49. Re3 Re8 50. Kc2
Kh3 51. Kd2 Kg2 52. Ke2 Rf8 53. Ke1 Rc8 54. Rxe4 Rc1+ 55. Kd2 Ra1 56. Ra4
Kxf2 57. Ra3 Kg2 58. Kc2 Kh3 59. Kb2 Re1 60. Rc3 Re5 61. a4 g5 62. hxg5
Rxg5 63. Ra3 Rg6 64. Re3 Ra6 65. Kb3 Ra8 66. Kb4 Rb8+ 67. Kc4 Rc8+ 68. Kd4
Ra8 69. Ra3 Ra5 70. Kc4 Kg4 71. Kb4 Ra8 72. a5 Rb8+ 73. Kc5 Rc8+ 74. Kb5
Rb8+ 75. Ka4 Rc8 76. a6 Ra8 77. Kb5 Rb8+ 78. Kc6 Ra8 79. Kb6 Rf8 80. Kb7
Rf1 81. Kb6 Rf8 82. Rc3 1-0

[Event "S.T.Lee Cup"]
[Site "Beijing"]
[Date "1995.09.01"]
[Round "7"]
[White "Wang Yaoyao"]
[Black "Liang Jinrong"]
[Result "1/2-1/2"]
[WhiteElo "2445"]
[BlackElo "2450"]

1. d4 d5 2. c4 e6 3. Nc3 Be7 4. Nf3 Nf6 5. Bg5 h6 6. Bxf6 Bxf6 7. e3 O-O 8.
Rc1 c6 9. Be2 Nd7 10. O-O dxc4 11. Bxc4 e5 12. h3 exd4 13. exd4 Re8 14. Qb3
Re7 15. Rfe1 b5 16. Bf1 Rxe1 17. Rxe1 Nb6 18. Ne4 Be6 19. Qc2 Bd5 20. Bd3
Rc8 21. b3 Bxe4 22. Bxe4 Qd6 23. Kf1 b4 24. Bf5 Ra8 25. Ne5 Qxd4 1/2-1/2

[Event "S.T.Lee Cup"]
[Site "Beijing"]
[Date "1995.09.01"]
[Round "7"]
[White "Stangl, M"]
[Black "Wu Shaobin"]
[Result "1-0"]
[WhiteElo "2560"]
[BlackElo "2430"]

1. Nf3 Nf6 2. c4 e6 3. g3 b6 4. Bg2 Bb7 5. O-O Be7 6. Nc3 O-O 7. d4 Ne4 8.
Bd2 Bf6 9. Rc1 c5 10. d5 exd5 11. cxd5 Nxd2 12. Nxd2 d6 13. a4 Ba6 14. Re1
g6 15. b3 Bg7 16. e4 Bd4 17. Nf3 Bxc3 18. Rxc3 Nd7 19. Nd2 Re8 20. f4 b5
21. axb5 Bxb5 22. Rce3 Qc7 23. e5 dxe5 24. d6 Qxd6 25. Bxa8 Rxa8 26. fxe5
Qd4 27. Ne4 Bc6 28. Nf2 Re8 29. e6 Qxd1 30. Rxd1 Rxe6 31. Rxe6 fxe6 32. Rd6
Bb5 33. Rxe6 Kf7 34. Re4 Nf6 35. Re5 Nd7 36. Rg5 Bc6 37. h4 Bf3 38. Ng4 Ke6
39. Ne3 Kf7 40. Ng4 Ke6 41. h5 gxh5 42. Ne3 Ne5 43. Kf2 Be4 44. Rxh5 Nd3+
45. Kg1 Kd6 46. Rh4 Bg6 47. Ra4 Nc1 48. Nc4+ Kc6 49. Nd2 Kb5 50. Ra1 Ne2+
51. Kf2 Nd4 52. Rxa7 Kb4 53. Ke3 Nc2+ 54. Kf4 Ne1 55. Rb7+ Kc3 1-0

[Event "S.T.Lee Cup"]
[Site "Beijing"]
[Date "1995.09.01"]
[Round "7"]
[White "Wang Zili"]
[Black "Boensch, U"]
[Result "1-0"]
[WhiteElo "2525"]
[BlackElo "2560"]

1. e4 c5 2. Nf3 e6 3. d4 cxd4 4. Nxd4 Nf6 5. Nc3 d6 6. Be3 Nc6 7. Qd2 Be7
8. f3 O-O 9. O-O-O a6 10. g4 Nxd4 11. Bxd4 b5 12. g5 Nd7 13. h4 Bb7 14. Kb1
Rc8 15. a3 Ne5 16. Qe3 Nc4 17. Bxc4 Rxc4 18. Rd3 Qe8 19. Rg1 e5 20. Bb6 f5
21. gxf6 Rxf6 22. Ba5 Bf8 23. Rgd1 Qh5 24. Bb4 h6 25. Bxd6 Bxd6 26. Rxd6
Qxf3 27. Qxf3 Rxf3 28. Rg1 Rc6 29. Rd5 Re6 30. Rd8+ Rf8 31. Rd7 Rf7 32.
Rd8+ Kh7 33. h5 Ree7 34. Rgd1 Bc6 35. R8d6 Bb7 36. Rd8 Rf2 37. Nd5 Ref7 38.
Re8 Rh2 39. Rxe5 Rff2 40. Ne3 Rf7 41. Rd8 Rf4 42. Nd5 Rg4 43. b3 Rg1+ 44.
Kb2 Rgg2 45. Ne3 Rg5 46. Ree8 Rgxh5 47. Ng4 Re2 48. Nf6+ Kg6 49. Nxh5 Kxh5
50. Kc3 Rxe4 51. Rxe4 Bxe4 52. Kd2 Kg5 53. c4 bxc4 54. bxc4 h5 55. Ke3 Bg2
56. Rd2 Bh1 57. Rd1 Bc6 58. Rd6 Bh1 59. c5 h4 60. Kf2 Kf5 61. c6 Ke5 62. c7
1-0

[Event "S.T.Lee Cup"]
[Site "Beijing"]
[Date "1995.09.01"]
[Round "7"]
[White "Tong Yuanming"]
[Black "Alterman, B"]
[Result "0-1"]
[WhiteElo "2485"]
[BlackElo "2595"]

1. e4 c5 2. c3 Nf6 3. e5 Nd5 4. d4 cxd4 5. cxd4 d6 6. Bc4 Nb6 7. Bb3 dxe5
8. Qh5 e6 9. dxe5 Nc6 10. Nf3 Qd3 11. Nc3 Bb4 12. Bd2 Na5 13. O-O-O Nxb3+
14. axb3 Bd7 15. Qh4 Bxc3 16. Bxc3 Qg6 17. Nd2 O-O 18. Ne4 Bc6 19. Nd6 a5
20. Rhe1 a4 21. b4 a3 22. bxa3 Rxa3 23. Kb2 Ra2+ 0-1

Brisbane verses Melbourne Tele Chess Match
------------------------------------------

[Event "Telechess"]
[Site "Brisbane Melbourne"]
[Date "1995.09.09"]
[Round "1"]
[White "West, G"]
[Black "Solomon, S"]
[Result "1-0"]
[WhiteElo "2400"]
[BlackElo "2400"]

1. c4 Nf6 2. Nc3 g6 3. d4 Bg7 4. e4 O-O 5. f4 d6 6. Nf3 c5 7. d5 e6 8. dxe6
Bxe6 9. Bd3 Bg4 10. O-O Nc6 11. h3 Bxf3 12. Qxf3 Nd4 13. Qf2 a6 14. Bd2 b5
15. Rae1 b4 16. Ne2 Nxe2+ 17. Rxe2 Nd7 18. Be3 a5 19. Rd1 Qc7 20. g3 a4 21.
Kg2 a3 22. b3 Rfe8 23. Qf3 Rad8 24. h4 h5 25. Bc2 Nb8 26. g4 hxg4 27. Qxg4
Nc6 28. h5 Bd4 29. hxg6 fxg6 30. Qxg6+ Qg7 31. Qxg7+ Kxg7 32. Kf3 Rh8 33.
Rg1+ Kf7 34. Reg2 Rh3+ 35. Rg3 Rdh8 36. e5 dxe5 37. Be4 exf4 38. Bd5+ Kf6
39. Kxf4 Be5+ 40. Ke4 Bxg3 41. Rf1+ Kg6 42. Bxc6 R8h4+ 43. Kd3 Bf4 44. Bf3
Bxe3 45. Kxe3 Kf5 46. Rd1 Re4+ 1-0

[Event "Telechess"]
[Site "Brisbane Melbourne"]
[Date "1995.09.09"]
[Round "2"]
[White "Wohl, A"]
[Black "Jamieson, R"]
[Result "0-1"]
[WhiteElo "2400"]
[BlackElo "2445"]

1. f4 Nf6 2. Nf3 g6 3. g3 Bg7 4. Bg2 O-O 5. O-O c5 6. d3 d5 7. c3 Nc6 8. a3
a5 9. a4 d4 10. Qc2 Nd5 11. Bd2 Bg4 12. h3 Bxf3 13. Bxf3 Rb8 14. Na3 e5 15.
Qb3 Nce7 16. fxe5 Bxe5 17. Kg2 Ne3+ 18. Bxe3 dxe3 19. Nc4 Bc7 20. g4 Kh8
21. Qd1 f5 22. Rh1 Nd5 23. d4 fxg4 24. hxg4 Rxf3 25. exf3 Nf4+ 26. Kg1 e2
27. Qe1 cxd4 28. Rh2 d3 29. Kh1 g5 30. Nd2 Bb6 31. Qg3 Be3 32. Ne4 d2 33.
Rxe2 d1=Q+ 34. Rxd1 Qxd1+ 35. Re1 Qd3 36. Nxg5 Re8 37. Qh4 Re7 38. Qh6 Ng6
39. Nf7+ Kg8 40. Qh2 Rxf7 41. Qxh7+ Rxh7+ 0-1

[Event "Telechess"]
[Site "Brisbane Melbourne"]
[Date "1995.09.09"]
[Round "3"]
[White "Kagan, N"]
[Black "Laird, C"]
[Result "1-0"]
[WhiteElo "2395"]
[BlackElo "2315"]

1. d4 d5 2. Nf3 c6 3. c4 Nf6 4. Nc3 g6 5. e3 Bg7 6. Bd3 O-O 7. O-O Be6 8.
Qe2 Nbd7 9. b3 Bg4 10. h3 Bxf3 11. Qxf3 e5 12. cxd5 cxd5 13. Qd1 Re8 14.
dxe5 Nxe5 15. Bb2 Nxd3 16. Qxd3 Ne4 17. Rab1 Bxc3 18. Bxc3 Nxc3 19. Qxc3
Rc8 20. Qd2 Qg5 21. Rfd1 Red8 22. Rb2 Qf5 23. Qd4 b6 24. Rbd2 h5 25. Qb4
Rc2 26. Rxc2 Qxc2 27. Rd2 Qc1+ 28. Kh2 Rd7 29. Qd4 Qc7+ 30. g3 Qc5 31. Kg2
Qxd4 32. Rxd4 f5 33. Kf3 Kf7 34. Rd2 Kf6 35. h4 Ke5 36. Rc2 Rd6 37. Ke2 b5
38. Kd3 Ra6 39. f3 Re6 40. Rc5 a6 41. Rc8 b4 42. Rb8 a5 43. Rb5 Rc6 44.
Rxa5 Rc1 45. Ra6 Rd1+ 46. Ke2 1-0

[Event "Telechess"]
[Site "Brisbane Melbourne"]
[Date "1995.09.09"]
[Round "4"]
[White "Allen, A"]
[Black "Depasquale, C"]
[Result "1-0"]
[WhiteElo "2250"]
[BlackElo "2255"]

1. d4 f5 2. Nf3 Nf6 3. g3 g6 4. Bg2 Bg7 5. c4 O-O 6. Nc3 d6 7. O-O c6 8. d5
Bd7 9. Rb1 Na6 10. b4 Rc8 11. dxc6 bxc6 12. Qa4 Nc7 13. Qxa7 e5 14. Qa3 Ne6
15. Rd1 e4 16. Ng5 Ng4 17. Nxe6 Bxe6 18. Bf4 Ne5 19. c5 d5 20. Qc1 d4 21.
Bh6 Bxh6 22. Qxh6 Qf6 23. Rxd4 Nf3+ 24. exf3 Qxd4 25. Qe3 Qxe3 26. fxe3
exf3 27. Bxf3 Rfd8 28. Rd1 Rxd1+ 29. Bxd1 Rd8 30. Ba4 Rd3 31. Ne2 Rxe3 32.
Kf2 Re4 33. a3 Bd7 34. Bc2 Re8 35. Nd4 Kf7 36. a4 Rc8 37. Ke3 Ke7 38. Kd3
Kd8 39. Kc4 Kc7 40. b5 Re8 41. b6+ Kb7 42. Bd3 Re5 43. a5 Rd5 44. Be2 Be8
45. Bf3 Rd8 46. Nb5 Ka6 47. Nd6 1-0